000 00562nam a2200229Ia 4500
003 OSt
005 20220918174248.0
006 a|||||r|||| 00| 0
007 ta
008 220917b |||||||| |||| 00| 0 eng d
024 _a11,277
037 _cTextual
040 _aARTS
_cARTS
_beng
041 _2eng
_aeng
082 _aM2, K5
100 _aBradley Duane
_949708
245 0 _aNewspapers
_b its place in a democracy
260 _c1965
650 _aINDUSTRIAL ARTS
942 _hM2, K5
_cTEXL
_2CC
999 _c152391
_d152391